¿Constituye un New Green Deal una alternativa?: Cap. IV
Збережено в:
| Формат: | Книга |
|---|---|
| Мова: | Spanish |
| Теги: |
Додати тег
Немає тегів, Будьте першим, хто поставить тег для цього запису!
|
MARC
| LEADER | 00000nam a22000007a 4500 | ||
|---|---|---|---|
| 003 | cru CIDCACS/IIS | ||
| 005 | 20200925161117.0 | ||
| 008 | 161005b2010 cr ||||| |||| 00| 0 spa d | ||
| 040 | |c CRAI/IIS |a CRAI/IIS | ||
| 245 | 1 | 1 | |a ¿Constituye un New Green Deal una alternativa?: |b Cap. IV |
| 300 | |a páginas 73-97 |b tablas, gráficos | ||
| 773 | 0 | |0 18567 |9 26 |a Dierckxsens, Wim |d San José, Costa Rica Departamento Ecuménico de Investigación 2010 |o 17012 |t Siglo XXI |z 9789969989213 | |
| 942 | |2 ddc |c LI | ||
| 999 | |c 18572 |d 18572 | ||
